| 000 | 00846nam a2200229 i 4500 | ||
|---|---|---|---|
| 001 | bg | ||
| 100 | 1 | _aYashchyshyn, Yevhen. | |
| 245 | 1 | 0 |
_aAnteny z elektrycznym kształtowaniem charakterystyki kierunkowej - nowe rozwiązania / _cYevhen Yashchyshyn. |
| 260 |
_aWarszawa : _bOficyna Wydawnicza Politechniki Warszawskiej, _c2006. |
||
| 300 |
_a150 s. : _brys.,wykr. ; _c24 cm. |
||
| 490 | 1 |
_aPrace Naukowe. Elektronika / Politechnika Warszawska ; _v0137-2343 |
|
| 500 | _aOpis. wg okł. Tyt. nagł. serii: Prace Naukowe Politechniki Warszawskiej. | ||
| 500 | _aNumeracja ser. gł. : z. 156. | ||
| 504 | _aBibliogr. | ||
| 650 | 9 |
_aAnteny _xbadanie |
|
| 830 | 0 | _aPrace Naukowe. Elektronika (Politechnika Warszawska) ; | |
| 040 | _cBPK | ||
| 041 | 0 | _apol | |
| 080 | _a621.396.6 | ||
| 942 | _cKS | ||
| 008 | s pl f |000 0 pol | ||
| 999 |
_c53062 _d53062 |
||
| 856 |
_uhttp://koha.tu.koszalin.pl/cgi-bin/koha/opac-detail.pl?biblionumber=53062 _yKatalog online BPK |
||